Welcome to the Holygrace Academy Library

Please use search bar below to get started

CBSE CONT. & COMP. EVAL HANDBOOK FOR TEACHER (Record no. 7643)

MARC details
000 -LEADER
fixed length control field 00220nam a22000977a 4500
082 ## - DEWEY DECIMAL CLASSIFICATION NUMBER
Classification number 425
Item number GEO/C
100 ## - MAIN ENTRY--AUTHOR NAME
Personal name HEORGE, ANU
245 ## - TITLE STATEMENT
Title CBSE CONT. & COMP. EVAL HANDBOOK FOR TEACHER
650 ## - SUBJECT ADDED ENTRY--TOPICAL TERM
Topical Term ENGLISH GRAMMAR
942 ## - ADDED ENTRY ELEMENTS (KOHA)
Koha item type Books
Holdings
Withdrawn status Lost status Collection code Home library Current library Date acquired Full call number Accession Number Koha item type
Withdrawn Damaged Item Reference Main Library Main Library 28/02/2017 425 GEO/C 10013 Books